All 50k+ cities in the Scandinavian countries - Statistics

General Stats
  • This quiz has been taken 35 times
  • The average score is 26 of 55
Answers on the Map
Answers color-coded by a green-red scale on the quiz's map according to % correct below.
 
Answer Stats
Country Population City % Correct
Norway 724 290 Oslo
100%
Denmark 1 396 508 Copenhagen
96%
Sweden 1 809 412 Stockholm
96%
Denmark 301 049 Aarhus
89%
Norway 293 709 Bergen
89%
Sweden 339 316 Malmö
89%
Sweden 725 729 Gothenburg
85%
Norway 150 123 Stavanger
85%
Sweden 178 098 Uppsala
85%
Norway 79 421 Tromsø
81%
Norway 216 518 Trondheim
81%
Denmark 121 878 Aalborg
78%
Sweden 98 229 Norrköping
70%
Denmark 185 480 Odense
70%
Sweden 104 221 Jönköping
67%
Sweden 120 109 Linköping
67%
Norway 105 452 Drammen
63%
Denmark 71 554 Esbjerg
63%
Sweden 116 029 Helsingborg
63%
Norway 118 221 Kristiansand
63%
Sweden 98 308 Lund
63%
Sweden 129 116 Örebro
56%
Sweden 94 243 Umeå
56%
Norway 53 725 Bodø
52%
Denmark 64 511 Randers
48%
Sweden 131 643 Västerås
48%
Denmark 53 354 Roskilde
44%
Norway 85 862 Fredrikstad
41%
Norway 59 198 Ålesund
37%
Sweden 88 274 Gävle
37%
Denmark 63 645 Kolding
37%
Sweden 72 759 Karlstad
33%
Sweden 55 493 Östersund
33%
Sweden 74 052 Växjö
33%
Denmark 64 418 Horsens
30%
Norway 56 866 Skien
30%
Norway 100 492 Asker
26%
Sweden 83 060 Borås
26%
Sweden 76 262 Eskilstuna
26%
Denmark 51 782 Herning
26%
Norway 95 762 Lillestrøm
26%
Sweden 78 377 Södertälje
26%
Sweden 70 918 Sundsvall
26%
Sweden 72 979 Halmstad
22%
Sweden 50 069 Trollhättan
22%
Norway 132 358 Bærum
19%
Norway 66 758 Sandefjord
19%
Norway 60 139 Sarpsborg
19%
Norway 52 646 Moss
15%
Norway 84 908 Sandnes
15%
Denmark 52 571 Silkeborg
15%
Norway 59 830 Tønsberg
15%
Denmark 62 011 Vejle
15%
Norway 50 013 Lørenskog
7%
Norway 64 668 Nordre Follo
7%
No matching quizzes found
Score Distribution
Percent of People with Each Score
Percentile by Number Answered
Your Score History
You have not taken this quiz